000 00961nam a22002297a 4500
003 0
005 20241122110144.0
008 241122b xxu||||| |||| 00| 0 eng d
020 _a9780323777117
050 _aRT 82.8
_b.T73 2023
100 _aTracy, Mary Fran,
_eauthor.
245 _aHamric and hanson's advanced practice nursing :
_ban integrative approach /
_cMary Fran Tracy, Eileen T O'Grady, Susanne J Phillips.
250 _a7th ed.
260 _aSt. Louis, Missouri :
_bElsevier,
_c2023.
300 _axxiv, 808 p. :
_bill. ;
_c24 cm.
504 _aIncludes bibliographical references and index.
520 _a"The purpose of this book is to continue to promote the clarion call for nursing leaders, educators, and practicing clinicians to seek integrated understanding of APRNs"--Provided by publisher.
650 _aNurse practitioners.
700 _aO'Grady, Eileen T.,
_eauthor.
700 _aPhillips, Susanne J.,
_eauthor.
942 _2lcc
_cBK
999 _c366791
_d366791